Online Catalogue and eLibrary

Feminist cultural theory : (Record no. 47)

MARC details
000 -LEADER
fixed length control field 00686cam a2200205 a 4500
001 - CONTROL NUMBER
control field 4923449
005 - DATE AND TIME OF LATEST TRANSACTION
control field 20231121231424.0
008 - FIXED-LENGTH DATA ELEMENTS--GENERAL INFORMATION
fixed length control field 950125s1995 enk 001 0 eng
020 ## - INTERNATIONAL STANDARD BOOK NUMBER
ISBN 0719044707
020 ## - INTERNATIONAL STANDARD BOOK NUMBER
ISBN 0719044715 (pbk.)
040 ## - CATALOGING SOURCE (பட்டியலாக்க மூலம்)
Original cataloging agency DLC
Transcribing agency DLC
Modifying agency DLC
082 00 - DDC Classification
Class No. 305.42/01
DDC Edition Number 20
245 00 - TITLE STATEMENT
Title Feminist cultural theory :
Remainder of title process and production /
Statement of responsibility, etc. edited by Beverley Skeggs.
260 ## - PUBLICATION, DISTRIBUTION, ETC.
Place of publication, distribution, etc. Manchester ;
-- New York :
Name of publisher, distributor, etc. Manchester University Press ;
Place of publication, distribution, etc. New York :
Name of publisher, distributor, etc. Distributed exclusively in the USA and Canada by St. Martin's Press,
Date of publication, distribution, etc. 1995.
300 ## - PHYSICAL DESCRIPTION
Extent (e.g. Volumes, Pages etc.) viii, 235 p. ;
650 #0 - SUBJECT ADDED ENTRY--TOPICAL TERM
Topical term or geographic name entry element Feminist theory
650 #0 - SUBJECT ADDED ENTRY--TOPICAL TERM
Topical term or geographic name entry element Feminist criticism.
700 1# - ADDED ENTRY--PERSONAL NAME
Personal name Skeggs, Beverley.
Relator term (Role) Editor
942 ## - Koha item type (Biblio)
Koha item type Books in Stacks (Lending)
Holdings
Lost status Damaged status Collection code Home library Current library Date acquired Full call number Accession Number Item type
    Lending WERC Library WERC Library 11/22/2023 305.42/01 2544 Books in Stacks (Lending)

© WERC Library